Özgürlük Masalı (Record no. 2862)

000 -LEADER
fixed length control field 00660nam a2200253uu 4500
008 - FIXED-LENGTH DATA ELEMENTS--GENERAL INFORMATION
fixed length control field 160125s2005 tu tur
020 ## - INTERNATIONAL STANDARD BOOK NUMBER
International Standard Book Number 9752540287
041 ## - LANGUAGE CODE
Language code of text/sound track or separate title Türkçe
050 ## - LIBRARY OF CONGRESS CALL NUMBER
Classification number PL248.T677
100 ## - MAIN ENTRY--PERSONAL NAME
Personal name Tosuner, Necati
245 1# - TITLE STATEMENT
Title Özgürlük Masalı
250 ## - EDITION STATEMENT
Edition statement 4.Baskı
260 ## - PUBLICATION, DISTRIBUTION, ETC.
Place of publication, distribution, etc. İstanbul
Name of publisher, distributor, etc. Neden Kitap
Date of publication, distribution, etc. Şubat 2005
300 ## - PHYSICAL DESCRIPTION
Extent 80 Sayfa
500 ## - GENERAL NOTE
General note 1.Baskı / Kasım 1965 (Kendi Yayını)

2 adet mevcuttur.
650 #0 - SUBJECT ADDED ENTRY--TOPICAL TERM
Topical term or geographic name entry element Türk Edebiyatı
9 (RLIN) 145
650 #0 - SUBJECT ADDED ENTRY--TOPICAL TERM
Topical term or geographic name entry element Türkçe roman ve hikaye
650 #0 - SUBJECT ADDED ENTRY--TOPICAL TERM
Topical term or geographic name entry element 20. yüzyıl
650 #0 - SUBJECT ADDED ENTRY--TOPICAL TERM
Topical term or geographic name entry element 1923 -
942 ## - ADDED ENTRY ELEMENTS (KOHA)
Source of classification or shelving scheme
Koha item type Books
902 ## - LOCAL DATA ELEMENT B, LDB (RLIN)
a 2005AD02082
Holdings
Withdrawn status Lost status Source of classification or shelving scheme Damaged status Not for loan Permanent Location Current Location Shelving location Date acquired Full call number Barcode Date last seen Price effective from Koha item type
        Ödünç verilemez İmren Ahmet Tüzün Kütüphanesi İmren Ahmet Tüzün Kütüphanesi Ahmet Tüzün 2018-12-24 PL248.T677 100100002814 2018-12-24 2018-12-24 Books
        Ödünç verilemez İmren Ahmet Tüzün Kütüphanesi İmren Ahmet Tüzün Kütüphanesi İmren Tüzün 2019-09-05 PL248.T677 100100004057 2019-09-05 2019-09-05 Books

This software was implemented, installed and managed by Devinim Software Training Consulting .